000 00300nam a22001337a 4500
008 180226b xxu||||| |||| 00| 0 eng d
020 _a1556643705
041 _aeng
080 _a610
100 _a4
101 _aSHM
245 _aDecision Making in Pain Management
_cRamamurthy
942 _2udc
_cBK
999 _c43515
_d43515